| 000 | 00624nam a2200193 a 4500 | ||
|---|---|---|---|
| 001 | 000032010 | ||
| 005 | 20200930063344.0 | ||
| 008 | 110707s1995 dr 000 j spa d | ||
| 040 |
_aDO-SdBNP _bspa _cBNPHU |
||
| 082 |
_axxx _bQ7c |
||
| 100 | 1 |
_aQuiñones, Víctor _927411 |
|
| 245 | 1 | 4 |
_aLos compadres ; el hacedor de agua / _cVíctor Quiñones. |
| 260 |
_aSantiago, República Dominicana : _bImpresora Central, _c1995. |
||
| 300 |
_a31 p. ; _c14 cm. |
||
| 490 | 1 |
_aViraqui. Cuentos. Cuentos Linieros _v2 |
|
| 730 | 3 |
_aEl hacedor de agua _958159 |
|
| 830 | 0 |
_aViraqui. Cuentos. Cuentos Linieros; _n2 _958160 |
|
| 049 | _aBNPD | ||
| 999 |
_c31501 _d31501 |
||